Business law (Record no. 5772)

MARC details
000 -LEADER
fixed length control field 00573cam a2200229ua 4500
008 - FIXED-LENGTH DATA ELEMENTS--GENERAL INFORMATION
fixed length control field 140510n ii |||gr||||Z||||||eng
020 ## - INTERNATIONAL STANDARD BOOK NUMBER
International Standard Book Number 81-272-1774-3
040 ## - CATALOGING SOURCE
Transcribing agency MAIN
082 ## - DEWEY DECIMAL CLASSIFICATION NUMBER
Classification number 346.07
245 ## - TITLE STATEMENT
Title Business law
Statement of responsibility, etc. By K.C. Garg
250 ## - EDITION STATEMENT
Edition statement 2nd rev. ed.
260 ## - PUBLICATION, DISTRIBUTION, ETC.
Place of publication, distribution, etc. Ludhiana:
Name of publisher, distributor, etc. Kalyani publishers,
Date of publication, distribution, etc. 2004.
300 ## - PHYSICAL DESCRIPTION
Extent x,54p.
700 ## - ADDED ENTRY--PERSONAL NAME
Personal name Garg,K.C.,
Relator term
700 ## - ADDED ENTRY--PERSONAL NAME
Personal name Sareen,V.K.,
Relator term
700 ## - ADDED ENTRY--PERSONAL NAME
Personal name Sharma,Mukesh,
Relator term
700 ## - ADDED ENTRY--PERSONAL NAME
Personal name Chawla,R.C.,
Relator term
942 ## - ADDED ENTRY ELEMENTS (KOHA)
Koha item type Books
653 ## - INDEX TERM--UNCONTROLLED
Uncontrolled term Private law
653 ## - INDEX TERM--UNCONTROLLED
Uncontrolled term Business law
Holdings
Withdrawn status Lost status Damaged status Not for loan Home library Current library Shelving location Date acquired Total Checkouts Full call number Barcode Date last seen Date last checked out Copy number Price effective from Koha item type
        Central Library, Naharkatiya College Central Library, Naharkatiya College General Stacks 19/09/2020 1 346.07 | GAR 16610 07/10/2025 25/09/2025 1 19/09/2020 Books

Naharkatiya College © 2020. All rights reserved.

Powered By